000 00340 a2200169 4500
001 59850
020 _a8501055891
040 _cAnchieta - Pituba
100 _aAlencar, José de
240 1 0 _aSenhora
_lpor
245 1 0 _aSenhora
300 _a284
362 0 _a2002
440 1 _aRecord
650 4 _aFicção brasileira
942 _cBK
999 _c59850
_d59850